00636nam a2200193Ia 4500003000900000008004100009040001600050080001800066100001600084245015800100250001300258260003700271300001500308650002800323650002600351650002100377700002100398700002300419IN-BaIIA211028s9999 xx 000 0 eng d cIIA Library a(035)621bSCM aOberg, Erik 0aMachinery's handbookba reference book for the Mechanical Engineer, Draftsman, Toolmaker and MechanistcErik Oberg, Franklin D. Jones and Holbrook Horton a20th ed. aNew YorkbIndustrial Pressc1975 axi, 2483p. a Handbooks-Machinery  a Machinery-Handbooks aNASA Thesaurus  aHorton, Holbrook aJones, Franklin D.